00516 2200193 4500001002100000005001700021008004100038020002200079035002400101082001000125090001700135100001700152245005200169260003400221300002400255500001100279504001200290650002000302YOGYA-0411000000077820110411083422.0 ind  a978-979-3027-91-3 0010-041100000000778 a618.6 a618.6bSit A aSitti Saleha aAsuhan Kebidanan pada masa nifas / Sitti Saleha aJakartaaSalemba Medikac2009 a142 hlmbilus 24 cm aindeks a139-140 aNifas-Perawatan